[Event "Midland Ch Forrest Cup"]
[Site "Derby"]
[Date "1994.03.19"]
[Round "4"]
[White "Escott, Keith L"]
[Black "Edge, John A"]
[Result "1/2-1/2"]
[WhiteElo "2000"]
[BlackElo "1864"]
[PlyCount "50"]
[EventDate "1994.03.18"]
[EventType "swiss"]
[EventRounds "6"]
[EventCountry "ENG"]
[SourceTitle "BritBase"]
[Source "John Saunders"]
[SourceDate "2022.11.28"]
[SourceVersion "1"]
[SourceVersionDate "2022.08.23"]
[SourceQuality "1"]

1. e4 c5 2. Nf3 Nc6 3. d4 cxd4 4. Nxd4 e5 5. Nb5 a6 6. Nd6+ Bxd6 7. Qxd6 Qf6 8.
Qxf6 Nxf6 9. Nc3 d5 10. Nxd5 Nxd5 11. exd5 Nb4 12. Kd2 Bf5 13. Bd3 Nxd3 14.
cxd3 O-O-O 15. Re1 Rxd5 16. Re3 Rhd8 17. Ke1 f6 18. Bd2 Bxd3 19. Rc1+ Kb8 20.
Bc3 Bb5 21. Rg3 g6 22. Rf3 f5 23. Re3 e4 24. h4 Bd3 25. f4 exf3 1/2-1/2

[Event "Midland Ch Forrest Cup"]
[Site "Derby"]
[Date "1994.03.19"]
[Round "4"]
[White "Fisher, Roy C"]
[Black "Grinsell, Lee A"]
[Result "1/2-1/2"]
[WhiteElo "1728"]
[BlackElo "1984"]
[PlyCount "59"]
[EventDate "1994.03.18"]
[EventType "swiss"]
[EventRounds "6"]
[EventCountry "ENG"]
[SourceTitle "BritBase"]
[Source "John Saunders"]
[SourceDate "2022.11.28"]
[SourceVersion "1"]
[SourceVersionDate "2022.08.23"]
[SourceQuality "1"]

1. e4 c5 2. Nf3 e6 3. d3 Nc6 4. g3 d6 5. Bg2 Nf6 6. O-O Be7 7. c3 O-O 8. a4 a6
9. Nbd2 Rb8 10. Nc4 b5 11. axb5 axb5 12. Ne3 Qb6 13. Bd2 Rd8 14. Qc2 Bb7 15.
Ra2 Ne5 16. Rfa1 Ng6 17. Be1 h6 18. Nd2 d5 19. exd5 exd5 20. f4 Bf8 21. Bf2 d4
22. cxd4 cxd4 23. Nef1 Ng4 24. Ra7 Bxg2 25. Kxg2 Nxf2 26. Kxf2 Qf6 27. Ne4 Qf5
28. Rc7 Rbc8 29. Raa7 Rxc7 30. Rxc7 1/2-1/2

[Event "Midland Ch Forrest Cup"]
[Site "Derby"]
[Date "1994.03.19"]
[Round "4"]
[White "Garabetyan, Arno"]
[Black "Ledger, Andrew J"]
[Result "0-1"]
[WhiteElo "1984"]
[BlackElo "2376"]
[PlyCount "66"]
[EventDate "1994.03.18"]
[EventType "swiss"]
[EventRounds "6"]
[EventCountry "ENG"]
[SourceTitle "BritBase"]
[Source "John Saunders"]
[SourceDate "2022.11.28"]
[SourceVersion "1"]
[SourceVersionDate "2022.08.23"]
[SourceQuality "1"]

1. d4 Nf6 2. c4 g6 3. Nc3 d5 4. cxd5 Nxd5 5. e4 Nxc3 6. bxc3 Bg7 7. Bc4 O-O 8.
Ne2 Nc6 9. O-O b6 10. f4 Na5 11. Bd3 f5 12. Kh1 e6 13. Be3 Bb7 14. Ng3 Qd7 15.
Qe2 Rad8 16. Rad1 Qa4 17. Bb5 Qa3 18. Bc1 Qd6 19. a4 Kh8 20. Qc2 h5 21. d5 h4
22. e5 Qc5 23. Ne2 Bxd5 24. Rxd5 Qxd5 25. Nd4 c5 26. Nf3 h3 27. gxh3 Bh6 28.
Qg2 Rg8 29. h4 Qb3 30. Ng5 Rg7 31. Qf3 Bxg5 32. hxg5 Qd5 33. Kg2 Rh7 0-1

[Event "Midland Ch Forrest Cup"]
[Site "Derby"]
[Date "1994.03.19"]
[Round "4"]
[White "Gilmore, Simon N"]
[Black "Mercs, Peter J"]
[Result "1-0"]
[WhiteElo "1920"]
[BlackElo "1984"]
[PlyCount "53"]
[EventDate "1994.03.18"]
[EventType "swiss"]
[EventRounds "6"]
[EventCountry "ENG"]
[SourceTitle "BritBase"]
[Source "John Saunders"]
[SourceDate "2022.11.28"]
[SourceVersion "1"]
[SourceVersionDate "2022.08.23"]
[SourceQuality "1"]

1. e4 c5 2. c4 Nc6 3. Nf3 d6 4. d4 cxd4 5. Nxd4 Nf6 6. Nc3 e6 7. Be3 Be7 8. Be2
O-O 9. O-O a6 10. Qd2 Nxd4 11. Bxd4 e5 12. Be3 Nxe4 $2 13. Nxe4 f5 14. Nc3 Be6
(14... f4 15. Qd5+ $18) 15. f3 f4 16. Bf2 Rf6 17. Bd3 Rh6 18. Nd5 Bh4 19. Rae1
Qg5 20. Nc7 Qh5 21. Bxh4 Qxh4 22. Nxa8 Qxh2+ 23. Kf2 Qg3+ 24. Ke2 Rh2 25. Kd1
Bh3 26. Be4 Bxg2 27. Qd5+ 1-0

[Event "Midland Ch Forrest Cup"]
[Site "Derby"]
[Date "1994.03.19"]
[Round "4"]
[White "Hebden, Mark L"]
[Black "Cohen, Gerald M"]
[Result "1-0"]
[WhiteElo "2544"]
[BlackElo "2016"]
[PlyCount "69"]
[EventDate "1994.03.18"]
[EventType "swiss"]
[EventRounds "6"]
[EventCountry "ENG"]
[SourceTitle "BritBase"]
[Source "John Saunders"]
[SourceDate "2022.11.28"]
[SourceVersion "1"]
[SourceVersionDate "2022.08.23"]
[SourceQuality "1"]

1. e4 d6 2. d4 Nf6 3. Nc3 g6 4. Nf3 Bg7 5. Be3 O-O 6. Qd2 Bg4 7. Ng5 Nc6 8. h3
Bd7 9. O-O-O e5 10. dxe5 Nxe5 11. f4 Nc6 12. g4 b5 13. Bxb5 Qb8 14. Rhe1 h6 15.
e5 dxe5 16. Bxc6 Bxc6 17. fxe5 Nd7 18. Nxf7 Rxf7 19. e6 Re7 20. exd7 Rxd7 21.
Qe2 Rxd1+ 22. Rxd1 Kh7 23. Bd4 Qe8 24. Bxg7 Qxe2 25. Nxe2 Kxg7 26. Rd4 Bb5 27.
c4 Bc6 28. Kd2 Kf6 29. Nf4 Kg5 30. Ne6+ Kh4 31. g5+ Kxh3 32. gxh6 Rh8 33. h7
Kg3 34. Ng5 a5 35. b3 1-0

[Event "Midland Ch Forrest Cup"]
[Site "Derby"]
[Date "1994.03.19"]
[Round "4"]
[White "Jackson, Oliver A"]
[Black "Alcock, Michael W"]
[Result "1/2-1/2"]
[WhiteElo "2176"]
[BlackElo "2160"]
[PlyCount "94"]
[EventDate "1994.03.18"]
[EventType "swiss"]
[EventRounds "6"]
[EventCountry "ENG"]
[SourceTitle "BritBase"]
[Source "John Saunders"]
[SourceDate "2022.11.28"]
[SourceVersion "1"]
[SourceVersionDate "2022.08.23"]
[SourceQuality "1"]

1. e4 e6 2. d4 d5 3. Nc3 Nf6 4. e5 Nfd7 5. f4 c5 6. Nf3 Nc6 7. Bd3 a6 8. O-O
cxd4 9. Ne2 Bc5 10. Kh1 f6 11. Qe1 Qe7 12. Qg3 f5 13. a3 a5 14. b3 Ndb8 15. Bb2
Bd7 16. Nfxd4 Nxd4 17. Nxd4 O-O 18. Qh3 Na6 19. g4 g6 20. gxf5 exf5 21. e6 Bxd4
22. Bxd4 Qxe6 23. Rae1 Qd6 24. Re5 Nc5 25. Rfe1 Ne4 26. Kg1 b5 27. a4 Qb4 28.
Qe3 Rfc8 29. axb5 Bxb5 30. c3 Nxc3 31. Bxf5 Ne2+ 32. Rxe2 Bxe2 33. Be6+ Kf8 34.
Rf5+ gxf5 35. Bg7+ Ke8 36. Bxc8+ Qe7 37. Qc3 Bb5 38. Bxf5 Qe2 39. Qe5+ Qxe5 40.
fxe5 a4 41. bxa4 Rxa4 42. Bf6 d4 43. Bxh7 d3 44. Bg6+ Kf8 45. Kf2 Ra2+ 46. Kg3
d2 47. Bh5 Ra3+ {(Strange result as Black is clearly winning)} 1/2-1/2

[Event "Midland Ch Forrest Cup"]
[Site "Derby"]
[Date "1994.03.19"]
[Round "4"]
[White "Ledger, Dave J"]
[Black "Newton, Robert"]
[Result "1-0"]
[WhiteElo "2272"]
[BlackElo "2056"]
[PlyCount "157"]
[EventDate "1994.03.18"]
[EventType "swiss"]
[EventRounds "6"]
[EventCountry "ENG"]
[SourceTitle "BritBase"]
[Source "John Saunders"]
[SourceDate "2022.11.28"]
[SourceVersion "1"]
[SourceVersionDate "2022.08.23"]
[SourceQuality "1"]

1. Nf3 Nf6 2. g3 g6 3. Bg2 Bg7 4. O-O O-O 5. d3 d5 6. c3 c5 7. Qa4 Bd7 8. Qb3
Nc6 9. Qxb7 Qa5 10. Qb3 Rab8 11. Qa3 Qb6 12. Nbd2 Bg4 13. h3 Bf5 14. Re1 a5 15.
e4 dxe4 16. dxe4 Be6 17. Ng5 Ne5 18. Nxe6 Qxe6 19. Nb3 Nfd7 20. Rd1 Rfc8 21.
Bf4 Nc4 22. Qa4 Nde5 23. Rab1 Bf6 24. Bxe5 Bxe5 25. Bf1 Nb6 26. Qb5 Bd6 27.
Nxa5 Qxe4 28. Bg2 Qa4 29. Qxa4 Nxa4 30. Nc4 Bc7 31. Rd3 Rd8 32. Rxd8+ Bxd8 33.
Rd1 Bc7 34. Rd7 Bd6 35. Nxd6 exd6 36. Bd5 Rxb2 37. Rxf7 Rb1+ 38. Kg2 Nxc3 39.
Rb7+ Kf8 40. Rxb1 Nxb1 41. a4 Ke7 42. a5 Na3 43. Bc6 c4 44. a6 c3 45. Ba4 Nc4
46. Kf3 d5 47. a7 Nb6 48. Ke3 Kd6 49. Kd4 Kc7 50. Bb3 Kb7 51. Kxc3 Kxa7 52. Kd4
Kb7 53. Bxd5+ Kc7 54. Bg8 h6 55. Bh7 g5 56. Ke5 Kd8 57. Kf6 Nd7+ 58. Kg6 Ke7
59. Kxh6 Kf6 60. Kh5 Ne5 61. Be4 Nf7 62. h4 gxh4 63. Kxh4 Ng5 64. Bd5 Nh7 65.
Kg4 Ke5 66. Bc6 Kd6 67. Be4 Nf6+ 68. Kf5 Ke7 69. g4 Kf7 70. Bc6 Kg7 71. f4 Ng8
72. Ke6 Nf6 73. g5 Nh5 74. f5 Nf4+ 75. Ke5 Nh3 76. f6+ Kg6 77. Be4+ Kf7 78. g6+
Kg8 79. Bd5+ 1-0

[Event "Midland Ch Forrest Cup"]
[Site "Derby"]
[Date "1994.03.19"]
[Round "4"]
[White "McSheehy, Nigel AP"]
[Black "Cohen, Aron J"]
[Result "1/2-1/2"]
[WhiteElo "1992"]
[BlackElo "2152"]
[PlyCount "54"]
[EventDate "1994.03.18"]
[EventType "swiss"]
[EventRounds "6"]
[EventCountry "ENG"]
[SourceTitle "BritBase"]
[Source "John Saunders"]
[SourceDate "2022.11.28"]
[SourceVersion "1"]
[SourceVersionDate "2022.08.23"]
[SourceQuality "1"]

1. d4 Nf6 2. c4 c5 3. d5 b5 4. cxb5 a6 5. bxa6 Bxa6 6. g3 g6 7. Bg2 d6 8. b3
Bg7 9. Bb2 O-O 10. Nh3 Nbd7 11. O-O Qc7 12. Re1 Rfb8 13. Nd2 Ra7 14. Nf4 Rba8
15. Qc2 Nb6 16. e4 Bb7 17. Bc3 Nbd7 18. Qb2 Ne8 19. Bxg7 Nxg7 20. Nc4 Ba6 21.
Bf1 Bxc4 22. Bxc4 Ne5 23. Be2 Ra3 24. Nd3 Nd7 25. Rec1 Qa7 26. Rc2 Ne8 27. b4
Rb8 1/2-1/2

[Event "Midland Ch Forrest Cup"]
[Site "Derby"]
[Date "1994.03.19"]
[Round "4"]
[White "Nohre, Hakan VP"]
[Black "Dyce, Andrew"]
[Result "1/2-1/2"]
[WhiteElo "2048"]
[BlackElo "1904"]
[PlyCount "37"]
[EventDate "1994.03.18"]
[EventType "swiss"]
[EventRounds "6"]
[EventCountry "ENG"]
[SourceTitle "BritBase"]
[Source "John Saunders"]
[SourceDate "2022.11.28"]
[SourceVersion "1"]
[SourceVersionDate "2022.08.23"]
[SourceQuality "1"]

1. e4 c5 2. Nc3 Nc6 3. g3 g6 4. Bg2 Bg7 5. d3 e6 6. Be3 d6 7. Nge2 Nge7 8. Qd2
h6 9. O-O a6 10. a4 Ne5 11. h3 f5 12. b3 Nf7 13. Rad1 e5 14. f4 Qc7 15. Rfe1
O-O 16. Kh2 Kh7 17. Bf3 Be6 18. Rg1 Rad8 19. Nd5 1/2-1/2

[Event "Midland Ch Forrest Cup"]
[Site "Derby"]
[Date "1994.03.19"]
[Round "4"]
[White "Rose, Kenneth T"]
[Black "Brown, Anthony J"]
[Result "1/2-1/2"]
[WhiteElo "1928"]
[BlackElo "2000"]
[PlyCount "58"]
[EventDate "1994.03.18"]
[EventType "swiss"]
[EventRounds "6"]
[EventCountry "ENG"]
[SourceTitle "BritBase"]
[Source "John Saunders"]
[SourceDate "2022.11.28"]
[SourceVersion "1"]
[SourceVersionDate "2022.08.23"]
[SourceQuality "1"]

1. e4 e5 2. Bc4 Nf6 3. d3 c6 4. Nc3 d5 5. exd5 cxd5 6. Bb3 h6 7. Nf3 Nc6 8. h3
Be6 9. Qe2 Bd6 10. Bd2 a6 11. g4 g5 12. a3 Qd7 13. O-O-O O-O-O 14. Kb1 b5 15.
Bc1 Nd4 16. Nxd4 exd4 17. Na2 a5 18. c3 dxc3 19. Nxc3 d4 20. Bxe6 fxe6 21. Nxb5
Qxb5 22. Qxe6+ Kb8 23. Qxf6 Bxa3 24. Ka1 Rhf8 25. Qe6 Bb4 26. Rhf1 Rf3 27. Qxh6
Rc8 28. Qxg5 Qa4+ 29. Kb1 Qc2+ 1/2-1/2

[Event "Midland Ch Forrest Cup"]
[Site "Derby"]
[Date "1994.03.19"]
[Round "4"]
[White "Simpson, John W"]
[Black "Herrington, Jerry"]
[Result "1-0"]
[WhiteElo "1992"]
[BlackElo "1816"]
[PlyCount "99"]
[EventDate "1994.03.18"]
[EventType "swiss"]
[EventRounds "6"]
[EventCountry "ENG"]
[SourceTitle "BritBase"]
[Source "John Saunders"]
[SourceDate "2022.11.28"]
[SourceVersion "1"]
[SourceVersionDate "2022.08.23"]
[SourceQuality "1"]

1. e4 c5 2. Nf3 d6 3. d4 cxd4 4. Nxd4 Nf6 5. Nc3 a6 6. Be3 Nc6 7. Qd2 e6 8. f3
Be7 9. Bc4 O-O 10. a3 Qc7 11. O-O Ne5 12. Bb3 b5 13. Kh1 Rd8 14. Rac1 Nc4 15.
Bxc4 bxc4 16. b4 d5 17. e5 Nd7 18. Bf4 Bb7 19. Qe3 a5 20. Rb1 axb4 21. axb4 Qb6
22. Rb2 Ra3 23. Rfb1 Rda8 24. Qd2 Ra1 25. Nce2 R8a4 26. c3 Qa7 27. Be3 Rxb1+
28. Rxb1 Ra2 29. Rb2 Ra1+ 30. Ng1 Qa3 31. f4 Bh4 32. g3 Bd8 33. Kg2 Nb6 34.
Nge2 Kf8 35. Kf2 h6 36. Rc2 Ke7 37. Nb5 Qa6 38. Bc5+ Kd7 39. Nd6 d4 40. Qxd4
Bd5 41. Nxf7 Bc7 42. Nc1 Na4 43. f5 Nxc5 44. bxc5 Qa3 45. Ne2 Ke7 46. fxe6 Bxe6
47. Nd6 g5 48. Nb5 Qa4 49. Rb2 Qd1 50. Qxd1 1-0

[Event "Midland Ch Forrest Cup"]
[Site "Derby"]
[Date "1994.03.19"]
[Round "4"]
[White "Tait, Jonathan A"]
[Black "Cooper, Lawrence"]
[Result "0-1"]
[WhiteElo "2096"]
[BlackElo "2288"]
[PlyCount "46"]
[EventDate "1994.03.18"]
[EventType "swiss"]
[EventRounds "6"]
[EventCountry "ENG"]
[SourceTitle "BritBase"]
[Source "John Saunders"]
[SourceDate "2022.11.28"]
[SourceVersion "1"]
[SourceVersionDate "2022.08.23"]
[SourceQuality "1"]

1. e4 e5 2. f4 d5 3. exd5 exf4 4. Nf3 Nf6 5. Bb5+ c6 6. dxc6 Nxc6 7. Ne5 Qb6 8.
Qe2 Be6 9. c3 a6 10. Bxc6+ bxc6 11. d4 c5 12. dxc5 Bxc5 13. b4 Be3 14. Bxe3
fxe3 15. O-O O-O 16. Re1 Rad8 17. Qxe3 Qxe3+ 18. Rxe3 Rd1+ 19. Kf2 Bf5 20. a4
Rxb1 21. Rxb1 Bxb1 22. b5 axb5 23. axb5 Re8 0-1

[Event "Midland Ch Forrest Cup"]
[Site "Derby"]
[Date "1994.03.19"]
[Round "4"]
[White "Walton, Jonathan S"]
[Black "Archer-Lock, Christopher J"]
[Result "0-1"]
[WhiteElo "2104"]
[BlackElo "2008"]
[PlyCount "56"]
[EventDate "1994.03.18"]
[EventType "swiss"]
[EventRounds "6"]
[EventCountry "ENG"]
[SourceTitle "BritBase"]
[Source "John Saunders"]
[SourceDate "2022.11.28"]
[SourceVersion "1"]
[SourceVersionDate "2022.08.23"]
[SourceQuality "1"]

1. d4 Nf6 2. c4 g6 3. Nc3 Bg7 4. e4 d6 5. f3 O-O 6. Be3 e5 7. d5 c6 8. Nge2
cxd5 9. cxd5 Nh5 10. g4 Qf6 11. Bg2 Nf4 12. Nxf4 exf4 13. Bf2 Nd7 14. O-O Ne5
15. Nb5 Bd7 16. Nxa7 Nc4 17. Qb3 Nd2 18. Qxb7 Nxf1 19. Rxf1 Rfd8 20. Rb1 Be8
21. Bb6 Rdb8 22. Qc7 Rxb6 23. Qxb6 Qd4+ 24. Qxd4 Bxd4+ 25. Kh1 Rxa7 26. a3 Bb5
27. h4 Rc7 28. b3 Rc3 0-1

[Event "Midland Ch Forrest Cup"]
[Site "Derby"]
[Date "1994.03.19"]
[Round "4"]
[White "Webster, Richard J"]
[Black "Hardy, Otto H"]
[Result "1-0"]
[WhiteElo "155"]
[BlackElo "1928"]
[PlyCount "83"]
[EventDate "1994.03.18"]
[EventType "swiss"]
[EventRounds "6"]
[EventCountry "ENG"]
[SourceTitle "BritBase"]
[Source "John Saunders"]
[SourceDate "2022.11.28"]
[SourceVersion "1"]
[SourceVersionDate "2022.08.23"]
[SourceQuality "1"]

1. e4 d5 2. exd5 Qxd5 3. Nc3 Qa5 4. d4 Nf6 5. Bd3 c6 6. Nge2 Bf5 7. O-O Bg6 8.
Ng3 e6 9. f4 Bd6 10. f5 exf5 11. Nxf5 Bxf5 12. Rxf5 Qc7 13. h3 Nbd7 14. Qe2+
Kf8 15. Bg5 h6 16. Bxf6 Nxf6 17. Raf1 Re8 18. Qf3 Qb6 19. Ne2 Qd8 20. c3 Qe7
21. Bc4 b5 22. Bd3 Qe3+ 23. Kh1 Qxf3 24. R5xf3 Re7 25. Ng3 Bxg3 26. Rxg3 h5 27.
Kg1 Rh6 28. Rf5 Ne4 29. Re3 Nd6 30. Rxe7 Kxe7 31. Rg5 Kf8 32. Rc5 Nc8 33. Bxb5
Ne7 34. Be2 h4 35. Ra5 Nc8 36. Bg4 Nd6 37. Rxa7 f5 38. Bf3 Ne4 39. Ra5 Rf6 40.
Bxe4 fxe4 41. Re5 Rf4 42. a4 1-0

[Event "Midland Ch Forrest Cup"]
[Site "Derby"]
[Date "1994.03.20"]
[Round "5"]
[White "Alcock, Michael W"]
[Black "Downes, D."]
[Result "1-0"]
[WhiteElo "2160"]
[BlackElo "1952"]
[PlyCount "115"]
[EventDate "1994.03.18"]
[EventType "swiss"]
[EventRounds "6"]
[EventCountry "ENG"]
[SourceTitle "BritBase"]
[Source "John Saunders"]
[SourceDate "2022.11.28"]
[SourceVersion "1"]
[SourceVersionDate "2022.08.23"]
[SourceQuality "1"]

1. e4 c5 2. Nf3 d6 3. d4 cxd4 4. Nxd4 Nf6 5. Nc3 a6 6. f4 Qc7 7. Bd3 Nc6 8. Nf3
e6 9. O-O Be7 10. Qe1 b5 11. Kh1 Bb7 12. Be3 Rc8 13. Qg3 g6 14. Rae1 Na5 15. e5
Nh5 16. Qf2 Nc4 17. Bd4 d5 18. Ne2 Bc5 19. g4 Ng7 20. f5 gxf5 21. gxf5 Nxb2 22.
Qg2 Nxd3 23. Qxg7 Nxe1 24. Qxh8+ Kd7 25. fxe6+ Kc6 26. Qf6 Be7 27. Qh6 Nxf3 28.
Rxf3 b4 29. exf7+ Kb5 30. c3 Bf8 31. Qxh7 Qc4 32. Qd3 a5 33. Kg1 Qxd3 34. Rxd3
Kc4 35. Re3 Rc7 36. e6 Bc8 37. Nf4 Bxe6 38. Nxe6 Rxf7 39. Nxf8 Rxf8 40. Rg3
bxc3 41. Bxc3 a4 42. Be5 Rf5 43. Rg4+ Kd3 44. Rd4+ Ke2 45. Bf4 a3 46. Kg2 Rf7
47. h4 Rg7+ 48. Bg5 Rd7 49. h5 Ke1 50. h6 Ke2 51. Rd2+ Ke1 52. Kf3 Rf7+ 53. Kg3
Rf5 54. Kg4 Rxg5+ 55. Kxg5 Kxd2 56. h7 d4 57. h8=Q d3 58. Qf8 1-0

[Event "Midland Ch Forrest Cup"]
[Site "Derby"]
[Date "1994.03.20"]
[Round "5"]
[White "Archer-Lock, Christopher J"]
[Black "Hebden, Mark L"]
[Result "0-1"]
[WhiteElo "2008"]
[BlackElo "2544"]
[PlyCount "78"]
[EventDate "1994.03.18"]
[EventType "swiss"]
[EventRounds "6"]
[EventCountry "ENG"]
[SourceTitle "BritBase"]
[Source "John Saunders"]
[SourceDate "2022.11.28"]
[SourceVersion "1"]
[SourceVersionDate "2022.08.23"]
[SourceQuality "1"]

1. e4 e5 2. Nf3 Nc6 3. d4 exd4 4. Nxd4 Nf6 5. Nxc6 bxc6 6. Qd4 Qe7 7. Nc3 Qb4
8. Qe5+ Be7 9. Bd3 O-O 10. a3 Qc5 11. Qxc5 Bxc5 12. O-O Re8 13. Na4 Bf8 14. f3
d6 15. Bd2 a5 16. b4 axb4 17. axb4 Nd7 18. Nb2 Rb8 19. Ra7 Ne5 20. Nc4 Nxd3 21.
cxd3 d5 22. Na5 dxe4 23. dxe4 c5 24. Rxc7 cxb4 25. Rb1 Be6 26. Nb3 Red8 27. Bf4
Rb5 28. Rc2 Rd3 29. Rcb2 g5 30. Bg3 Bg7 31. e5 h5 32. h3 h4 33. Bh2 Kh7 34. Kf2
Kg6 35. Ke2 Rd7 36. Rc2 Bxe5 37. Bg1 Bc3 38. Nd2 Re5+ 39. Ne4 Bc4+ 0-1

[Event "Midland Ch Forrest Cup"]
[Site "Derby"]
[Date "1994.03.20"]
[Round "5"]
[White "Brown, Anthony J"]
[Black "Fisher, Roy C"]
[Result "1/2-1/2"]
[WhiteElo "2000"]
[BlackElo "1728"]
[PlyCount "59"]
[EventDate "1994.03.18"]
[EventType "swiss"]
[EventRounds "6"]
[EventCountry "ENG"]
[SourceTitle "BritBase"]
[Source "John Saunders"]
[SourceDate "2022.11.28"]
[SourceVersion "1"]
[SourceVersionDate "2022.08.23"]
[SourceQuality "1"]

1. e4 c6 2. d4 d5 3. exd5 cxd5 4. c4 Nf6 5. Nc3 g6 6. Nf3 Bg7 7. Be2 O-O 8. c5
Nc6 9. a3 Bg4 10. O-O Ne4 11. Be3 e6 12. Rc1 Bxf3 13. Bxf3 Nxc5 14. dxc5 d4 15.
Bxc6 bxc6 16. Bd2 dxc3 17. Bxc3 Qxd1 18. Rfxd1 Rfd8 19. Bxg7 Kxg7 20. Kf1 Rd5
21. Rxd5 exd5 22. b4 a5 23. Ke2 axb4 24. axb4 Kf6 25. Kd3 Ke6 26. Rc2 Rb8 27.
Re2+ Kd7 28. Kc3 Ra8 29. h4 h5 30. Kb2 1/2-1/2

[Event "Midland Ch Forrest Cup"]
[Site "Derby"]
[Date "1994.03.20"]
[Round "5"]
[White "Cohen, Aron J"]
[Black "Gilmore, Simon N"]
[Result "1-0"]
[WhiteElo "2152"]
[BlackElo "1920"]
[PlyCount "27"]
[EventDate "1994.03.18"]
[EventType "swiss"]
[EventRounds "6"]
[EventCountry "ENG"]
[SourceTitle "BritBase"]
[Source "John Saunders"]
[SourceDate "2022.11.28"]
[SourceVersion "1"]
[SourceVersionDate "2022.08.23"]
[SourceQuality "1"]

1. e4 e5 2. Nf3 Nc6 3. d4 exd4 4. Bc4 Bc5 5. O-O d6 6. c3 d3 7. b4 Bb6 8. a4 a5
9. b5 Ne5 10. Nxe5 dxe5 11. Ba3 Nf6 12. Qb3 Qd7 $2 (12... Rf8 $5) 13. Nd2 $18
c5 (13... Rb8 14. Nf3 c5 15. Nxe5 $18) 14. bxc6 1-0

[Event "Midland Ch Forrest Cup"]
[Site "Derby"]
[Date "1994.03.20"]
[Round "5"]
[White "Cooper, Lawrence"]
[Black "Ledger, Dave J"]
[Result "1-0"]
[WhiteElo "2288"]
[BlackElo "2272"]
[PlyCount "51"]
[EventDate "1994.03.18"]
[EventType "swiss"]
[EventRounds "6"]
[EventCountry "ENG"]
[SourceTitle "BritBase"]
[Source "John Saunders"]
[SourceDate "2022.11.28"]
[SourceVersion "1"]
[SourceVersionDate "2022.08.23"]
[SourceQuality "1"]

1. d4 Nf6 2. Bg5 d5 3. Bxf6 gxf6 4. e3 Bf5 5. c4 c6 6. Nc3 e6 7. Nf3 Nd7 8. h3
Bd6 9. Bd3 Bg6 10. O-O f5 11. Rc1 Bh5 12. cxd5 cxd5 13. Be2 a6 14. Qb3 Rb8 15.
Rc2 Rg8 16. Rfc1 Nf6 17. Ne5 $14 Bxe2 18. Nxe2 Ne4 19. Nf4 Qh4 $2 20. Rc8+ Ke7
21. Rxg8 Bxe5 22. dxe5 Qxf2+ 23. Kh2 Rxg8 24. Qxb7+ Kf8 25. Nxe6+ fxe6 26. Rc8#
1-0

[Event "Midland Ch Forrest Cup"]
[Site "Derby"]
[Date "1994.03.20"]
[Round "5"]
[White "Edge, John A"]
[Black "Burke, Steven J"]
[Result "1-0"]
[WhiteElo "1864"]
[BlackElo "1968"]
[PlyCount "37"]
[EventDate "1994.03.18"]
[EventType "swiss"]
[EventRounds "6"]
[EventCountry "ENG"]
[SourceTitle "BritBase"]
[Source "John Saunders"]
[SourceDate "2022.11.28"]
[SourceVersion "1"]
[SourceVersionDate "2022.08.23"]
[SourceQuality "1"]

1. e4 c5 2. Nf3 d6 3. d4 cxd4 4. Nxd4 Nf6 5. Nc3 a6 6. Bc4 e6 7. f3 Bd7 8. a4
Nc6 9. Be3 Rc8 10. Nxc6 Bxc6 11. Bb3 Qa5 12. O-O Be7 13. Qd2 Qh5 14. Ne2 g5 15.
Ng3 Qg6 16. Bxg5 Nxe4 17. Nxe4 Bxe4 18. Bxe7 Bxc2 19. Rac1 1-0

[Event "Midland Ch Forrest Cup"]
[Site "Derby"]
[Date "1994.03.20"]
[Round "5"]
[White "Garabetyan, Arno"]
[Black "Tait, Jonathan A"]
[Result "1/2-1/2"]
[WhiteElo "1984"]
[BlackElo "2096"]
[PlyCount "89"]
[EventDate "1994.03.18"]
[EventType "swiss"]
[EventRounds "6"]
[EventCountry "ENG"]
[SourceTitle "BritBase"]
[Source "John Saunders"]
[SourceDate "2022.11.28"]
[SourceVersion "1"]
[SourceVersionDate "2022.08.23"]
[SourceQuality "1"]

1. d4 d5 2. c4 Nc6 3. cxd5 Qxd5 4. Nf3 e5 5. Nc3 Bb4 6. Bd2 Bxc3 7. Bxc3 e4 8.
Ne5 Nxe5 9. dxe5 Be6 10. Qxd5 Bxd5 11. f4 O-O-O 12. e3 Ne7 13. Kf2 h5 14. g3
Bc6 15. Bc4 Bd5 16. Be2 Be6 17. a3 Bb3 18. Rac1 Nd5 19. Be1 g6 20. Bc4 Ba4 21.
b3 Bc6 22. Rg1 Kb8 23. Rc2 Rd7 24. Ba5 Rhd8 25. Rb1 Nb6 26. Be2 Nc8 27. a4 Ne7
28. Ra2 Nf5 29. Be1 Ng7 30. b4 Ne6 31. Ra3 Bd5 32. Bb5 c6 33. Be2 Rc8 34. g4
hxg4 35. Bxg4 Rh8 36. Kg3 Rdd8 37. Rc3 Ng7 38. b5 Nf5+ 39. Kg2 cxb5 40. Rxb5
Be6 41. h3 Rc8 42. Bxf5 Bxf5 43. Rxc8+ Rxc8 44. Rb2 Rc1 45. Bb4 1/2-1/2

[Event "Midland Ch Forrest Cup"]
[Site "Derby"]
[Date "1994.03.20"]
[Round "5"]
[White "Grinsell, Lee A"]
[Black "Walton, Jonathan S"]
[Result "1/2-1/2"]
[WhiteElo "1984"]
[BlackElo "2104"]
[PlyCount "41"]
[EventDate "1994.03.18"]
[EventType "swiss"]
[EventRounds "6"]
[EventCountry "ENG"]
[SourceTitle "BritBase"]
[Source "John Saunders"]
[SourceDate "2022.11.28"]
[SourceVersion "1"]
[SourceVersionDate "2022.08.23"]
[SourceQuality "1"]

1. e4 e6 2. d4 d5 3. Nc3 Bb4 4. e5 c5 5. a3 Bxc3+ 6. bxc3 Qc7 7. Nf3 Ne7 8. a4
b6 9. Bd3 Ba6 10. O-O Bxd3 11. cxd3 O-O 12. Ba3 f6 13. Re1 Nd7 14. Ra2 Ng6 15.
dxc5 bxc5 16. d4 fxe5 17. dxc5 Nxc5 18. Bxc5 Qxc5 19. Nxe5 Nxe5 20. Rxe5 Qxc3
21. Rxe6 1/2-1/2

[Event "Midland Ch Forrest Cup"]
[Site "Derby"]
[Date "1994.03.20"]
[Round "5"]
[White "Ledger, Andrew J"]
[Black "Jackson, Oliver A"]
[Result "1/2-1/2"]
[WhiteElo "2376"]
[BlackElo "2176"]
[PlyCount "56"]
[EventDate "1994.03.18"]
[EventType "swiss"]
[EventRounds "6"]
[EventCountry "ENG"]
[SourceTitle "BritBase"]
[Source "John Saunders"]
[SourceDate "2022.11.28"]
[SourceVersion "1"]
[SourceVersionDate "2022.08.23"]
[SourceQuality "1"]

1. c4 e5 2. Nc3 Nc6 3. g3 f5 4. Bg2 Nf6 5. e3 e4 6. d3 Bb4 7. Nge2 exd3 8. Qxd3
Ne5 9. Qxf5 d6 10. Qc2 c6 11. b3 Bg4 12. f4 Ned7 13. a3 Bc5 14. b4 Bb6 15. h3
Be6 16. Qd3 O-O 17. O-O Qe8 18. Nd4 Bxd4 19. exd4 d5 20. c5 g6 21. g4 Kh8 22.
Bd2 Bf7 23. Rae1 Qd8 24. f5 gxf5 25. gxf5 Rg8 26. Kh2 Nh5 27. Ne2 Qh4 28. Bf4
Nxf4 1/2-1/2